00503 2200169 4500245003000000020002200030250001100052100001300063650002000076005001900096260002800115041001400143084000800157300002300165500013600188336000900324 aCuriositycAngelxs_hText a978-602-6940-27-8 aCet. 2 aAngelxs_ aNovel Indonesia a20231003074106 aDepokbBest Mediac2016 aIndonesia a813 a321 hlm. :c20 cm. aKarin sukses membuat satu sekolah heboh karena ia di tolong oleh Davin, ketua OSIS yang cuek dengan hampir semua cewek di sekolah. atext